000 00292nam a2200133Ia 4500
082 _a616.01
_bM07G
100 _aGREENWOOD, DAVID
245 _aMEDICAL MICROBIOLOGY
250 _a17TH
260 _bCHURCHILL
_aEDINBURGH
_c2007
300 _a1-738
650 _aMICROBIOLOGY
942 _2ddc
_cBK
_05
999 _c258
_d258